| 000 | 02340cam a22004214i 4500 | ||
|---|---|---|---|
| 003 | PE-LiUPU | ||
| 005 | 20250731173138.0 | ||
| 008 | 150623s r 000 0 d | ||
| 035 | _a(Sirsi) a27113 | ||
| 040 |
_aPE-LiUPU _bspa _cPE-LiUPU _erda |
||
| 082 | 0 | 4 |
_a248.4 _bK44 _221 |
| 100 | 1 |
_aKerbs, John G., _eautor. |
|
| 245 | 1 | 0 |
_aYour people problems : _ba brief study in human relations for the christian / _cJohn G. Kerbs. |
| 264 | 1 |
_aMountain View, California : _bPacific Press Publishing Association, _c1967. |
|
| 300 |
_a125 páginas ; _c18 cm. |
||
| 336 |
_atext _2rdacontent |
||
| 337 |
_aunmediated _2rdamedia |
||
| 338 |
_avolume _2rdacarrier |
||
| 505 | 0 | _aIntroduction: Why study human relations?. Because you love only the lovely. Because you like to straighten people out. Because you talk too much. Because you are too silent. Because you don't listen. Because you don't think twice before speaking. Because of the way you speak. Because you don't smile. Because you lack humility. When others don't see things your way. Because you're not organized. Because of the way you look. Because of your attitude toward youthfulness. Because you're never wrong. Because you are a respecter of persons. Because of intemperance. Because you are ungrateful. Because you criticize and gossip. Because you want to make others laugh. Because you don't practice what you preach. Because you see the dark side. Because you think business is business. Because you want high position. Because you can't forgive. Because you expect too much of others. Conclusion: The secret to better human relations now. | |
| 526 | _aSEG42 | ||
| 526 | _aSEG41 | ||
| 526 | _aSEG40 | ||
| 526 | _aSEG39 | ||
| 526 | _aP94 | ||
| 526 | _aP87 | ||
| 526 | _aP86 | ||
| 526 | _aP85 | ||
| 526 | _aP77 | ||
| 526 | _aP76 | ||
| 526 | _aP35 | ||
| 650 | 0 | 4 | _aVida cristiana. |
| 650 | 0 | 4 |
_aRelaciones interpersonales _xCristianismo. |
| 942 |
_2ddc _cBOOK |
||
| 949 |
_a248.4 K44 _wDEWEY _c1 _i52391 _lCCODEBUL1 _mBUL _p3.00 _r0 _sY _tBOOK _u2015-06-24 _xTEOLOGIA _PP35 _0COMPRA _o.STAFF. Colección General |
||
| 596 | _a1 | ||
| 999 |
_a248.4 K44 _wDEWEY _c34219 _i52391 _f2021-11-10 _g5 _lCCODEBUL1 _mBUL _p3.00 _r0 _sY _tBOOK _u2015-6-24 _xTEOLOGIA _PP35 _0COMPRA _o.STAFF. Colección General _d34219 |
||
| 980 |
_81 _gALBERTO SANCHEZ Responsable de Automatización |
||